Euroleague Teams 2024-2025 Quiz - Statistics

General Stats
  • This quiz has been taken 640 times
  • The average score is 17 of 18
Answer Stats
Country Team % Correct
Italy EA7 Emporio Armani Milan
98%
Spain FC Barcelona
98%
Spain Real Madrid
98%
Greece Olympiacos Piraeus
96%
France Paris Basketball
96%
Germany FC Bayern Munich
95%
Isreal Maccabi Playtika Tel Aviv
93%
Greece Panathinaikos AKTOR Athens
93%
Serbia Partizan Mozzart Bet Belgrade
93%
France AS Monaco
92%
Serbia Crvena Zvezda Meridianbet Belgrade
91%
Turkey Fenerbahce Beko Istanbul
91%
Lithuania Zalgiris Kaunas
91%
Germany ALBA Berlin
90%
Turkey Anadolu Efes Istanbul
89%
Spain Baskonia Vitoria-Gasteiz
88%
France LDLC ASVEL Villeurbanne
84%
Italy Virtus Segafredo Bologna
84%
No matching quizzes found
Score Distribution
Percent of People with Each Score
Percentile by Number Answered
Your Score History
You have not taken this quiz